Statistics for Cities in northern Poland (with Map!)

Click here to take the quiz!

General Stats

  • This quiz has been taken 22 times
  • The average score is 8 of 20

Answers on the Map

Answers color-coded by a green-red scale on the quiz's map according to % correct below.
Loading ...
 

Answer Stats

PopulationCity% Correct
463 754Gdańsk
100%
402 067Szczecin
89%
246 991Gdynia
83%
123 977Elbląg
56%
36 849Sopot
50%
107 225Koszalin
44%
91 935Słupsk
44%
38 848Malbork
39%
40 883Świnoujście
39%
46 309Kołobrzeg
33%
67 795Stargard
28%
48 095Rumia
28%
48 167Starogard Gdański
22%
50 039Wejherowo
22%
60 276Tczew
22%
94 732Grudziądz
17%
40 004Chojnice
11%
35 378Lębork
11%
40 016Szczecinek
6%
38 618Kwidzyn
6%

Score Distribution

Percentile by Number Answered

Percent of People with Each Score

Your Score History

You have not taken this quiz